00802nam a2200217Ii 45000010005000000030009000050080041000140400033000550410008000880820018000961000037001142450043001512640092001943000012002863360026002983370028003243380027003529400050003799990017004299520138004462506CO-ViMGA241108s9999||||xx |||||||||||||| ||und|| aCO-ViMGAbspaerdacCO-ViMGA0 aspa04a540.7 - M653i1 aCésar H. Mondragón M.94563510aQuímica 5º:bBachillerato por radio 1aBogotá, Colombia : Editorial Presencia Ltda, [Fecha de publicación no identificada] avolumen atextbtxt2rdacontent aunmediatedbn2rdamedia avolumebnc2rdacarrier aidficha_siabuc: 2453. -- ficha_no_siabuc:2506 c40164d40164 001040708001aMEVIGERRbMEVIGERRcGENd2006-07-12o540.7 - M653ipECA16965r2024-11-25 15:07:43tEj.1w2024-11-25yBKz2453 | 2938